000 00636nam a2200229Ia 4500
003 BUBTL
008 151213s9999 xx 000 0 und d
020 _a1980685991
082 _a340.2/ Z92i/ 1998
100 _a Zweigert, Konrad
_95099
245 _aIntroduction of Comparative Law :
_cKonard Zweigert / Hein Kotz
250 _a3rd Edn.
260 _aU.K.
_bClarendon Press
_cc1998
300 _a[xxvi],714p. :
_b21 cm.
500 _aIncludes Index
650 0 _aLaw
_926
650 _a
700 _aKonard Zweigert / Hein Kotz
_95100
856 _k0
_l0
_yDownload
942 _2ddc
_cBK
999 _c3191
_d3191